Largest Cities on Vancouver Island with a Map - Statistics

General Stats
  • This quiz has been taken 266 times
  • The average score is 3 of 5
Answers on the Map
Answers color-coded by a green-red scale on the quiz's map according to % correct below.
 
Answer Stats
Population City % Correct
335,696 Victoria
98%
92,004 Nanaimo
72%
35,138 Campbell River
50%
23,574 Parksville
40%
45,018 Courtenay
39%
No matching quizzes found
Score Distribution
Percent of People with Each Score
Percentile by Number Answered
Your Score History
You have not taken this quiz